000 00415nam a2200145Ia 4500
008 211109s9999||||xx |||||||||||||| ||und||
082 _a255.93
_bWEN-H
100 _aWenisch, P
245 0 _aHe Must Regn
260 _bS h LEAGUE, ALWAYE NORTH P.O KERALA
_aINDIA
_c1954
300 _a60p.
630 _xGeneral Stack
650 _aReligious congregations & orders
_vChristianity Religious
_xGeneralia
942 _cBOOK
999 _c22857
_d22857